V zariadeniach pre utečencov v SR sa ráta aj s pomocou mimovládnych organizácií s uzákonením doplnkovej ochrany pre cudzincov prišli nové šance

Bibliographic Details
Main Authors: Škrabálková, Margita (Author, Interviewer), Priecel, Bernard (Author)
Format: Article
Language:Slovak
PhysicalDescription:Fotogr.
ISSN:1336-2208
Subjects:

MARC

LEADER 00000nab a2200000 ar4500
001 vtls008957336
003 SK-MaSNL
005 20260304001028.0
008 070320c2007 xo |||| | a 000 b|slo
015 |a SNBRB2007/03  |2 snkbucl 
038 |a SNKBUCL 
040 |a SNKBUCL  |b slo  |c SNKBUCL  |e AACR2 
041 0 |a slo  |b eng 
044 |a xo  |c SK 
080 |a 314.745.26  |x (437.6)  |2 1997 
080 |a 364.56  |x (437.6)  |2 1997 
080 |a 354.31:314.7  |x (437.6)  |2 1997 
080 |a 341.43  |2 1997 
100 1 |a Škrabálková, Margita  |4 aut  |4 ivr  |9 842951 
245 1 0 |a V zariadeniach pre utečencov v SR sa ráta aj s pomocou mimovládnych organizácií  |b s uzákonením doplnkovej ochrany pre cudzincov prišli nové šance  |c Margita Škrabálková, Bernard Priecel 
300 |a Fotogr. 
546 |a Res. angl. na s. 15 
650 0 7 |a azyl  |2 snkbucl  |9 742687 
650 0 7 |a azylanti  |2 snkbucl  |9 648285 
650 0 7 |a utečenecké tábory  |2 snkbucl  |9 83509 
650 0 7 |a azylová politika  |2 snkbucl  |9 59159 
650 0 7 |a azylové zákony  |2 snkbucl  |9 1277203 
650 0 7 |a utečenci  |2 snkbucl  |9 993 
650 0 7 |a migrácia obyvateľstva  |2 snkbucl  |9 3839 
650 0 7 |a migračná politika  |2 snkbucl  |9 3787 
655 7 |a rozhovory  |2 snkbucl  |9 31831 
700 1 |a Priecel, Bernard  |4 aut  |4 ive  |9 863173 
773 0 |t Humanita  |g Roč. XVI, č. 1 (2007), s. 5-6  |x 1336-2208 
852 |a SNK  |b KIS3GCP 
958 |a SK 
999 |c 2534247  |d 2536177